In re Duckwari plc (Record no. 16281)

MARC details
000 -LEADER
fixed length control field 01305cab a2200229 4500
001 - CONTROL NUMBER
control field ABS56526
008 - FIXED-LENGTH DATA ELEMENTS--GENERAL INFORMATION
fixed length control field 090401t1997 xxu||||| |||| 00| 0 eng d
035 ## - SYSTEM CONTROL NUMBER
System control number (Sirsi) u24290
041 ## - LANGUAGE CODE
Language code of text/sound track or separate title eng
245 ## - TITLE STATEMENT
Title In re Duckwari plc
260 ## - PUBLICATION, DISTRIBUTION, ETC.
Date of publication, distribution, etc. 1997
350 ## - PRICE (NR) (BK AM CF MU VM SE) [OBSOLETE]
Price 0
490 ## - SERIES STATEMENT
Series statement Weekly Law Reports
Volume/sequential designation [1997] 2 WLR 48-56(9)
520 ## - SUMMARY, ETC.
Summary, etc. ChD 11 July 1996. In 1989 company O contracted to buy a freehold property. A director of company D, who was sole shareholder of O, offered to pass the property to D for 50% of any profits but to bear no loss. The offer was accepted by the directors of D and the transaction took place, but never to the approval of the shareholders. D subsequently defaulted on payments and all directors were replaced by the bank`s nominees. In proceedings by D under the Companies Act 1985 s322(3)(b) for an indemnity for loss or damages resulting from the transaction, the CA held that it had been executed in contravention of s320 of the Act and ordered an inquiry into what damage had occured. On the inquiry "held" that no damage had occured.
650 ## - SUBJECT ADDED ENTRY--TOPICAL TERM
Topical term or geographic name entry element COMPANIES ACT 1954 S320
650 ## - SUBJECT ADDED ENTRY--TOPICAL TERM
Topical term or geographic name entry element PROPERTY TRANSACTIONS
650 ## - SUBJECT ADDED ENTRY--TOPICAL TERM
Topical term or geographic name entry element RE DUCKWARI PLC
650 ## - SUBJECT ADDED ENTRY--TOPICAL TERM
Topical term or geographic name entry element SHAREHOLDERS INTERESTS
690 ## - LOCAL SUBJECT ADDED ENTRY--TOPICAL TERM (OCLC, RLIN)
Topical term or geographic name as entry element PROPERTY LAW AND PRACTICE-CASE LAW
942 ## - ADDED ENTRY ELEMENTS (KOHA)
Suppress in OPAC 0
948 ## - LOCAL PROCESSING INFORMATION (OCLC); SERIES PART DESIGNATOR (RLIN)
c (OCLC) 04/03/1997
Holdings
Withdrawn status Lost status Source of classification or shelving scheme Damaged status Not for loan Home library Current library Shelving location Date acquired Total Checkouts Full call number Barcode Date last seen Copy number Price effective from Koha item type
    Dewey Decimal Classification     London London Journal article 14/09/1999   ABS56526 24290-1001 06/08/2019 1 06/08/2019 Law report